| 000 | 00362 a2200133 4500 | ||
|---|---|---|---|
| 001 | 91490 | ||
| 082 | _aPR 1455 | ||
| 090 |
_c43630 _d43629 |
||
| 100 | _aSyed Umar Mahmood; Prof Asad Ikram (Advisor) | ||
| 245 |
_aTo Make Time Measuring Device for Skiing Events _n59 "B" EC |
||
| 260 |
_aRawalpindi _bNUST _c2004 |
||
| 300 | _a58p | ||
| 500 | _aBE Project Reports | ||
| 942 |
_aCAE NUST _kPR 1455 |
||
| 999 |
_c326563 _d326563 |
||